000 00336nam a2200145Ia 4500
008 230312s9999||||xx |||||||||||||| ||und||
020 _a9789699739958
082 _a891.4
_bMON-N
100 _aمنو بھائی
245 0 _aناظم حکمت
260 _bJamhori
_apak
_c2014
300 _a367
650 _aLiterature
942 _cBK
999 _c15056
_d15056